<?xml version="1.0" encoding="UTF-8"?><?xml-stylesheet type="text/xsl" href="static/style.xsl"?><OAI-PMH xmlns="http://www.openarchives.org/OAI/2.0/" xmlns:xsi="http://www.w3.org/2001/XMLSchema-instance" xsi:schemaLocation="http://www.openarchives.org/OAI/2.0/ http://www.openarchives.org/OAI/2.0/OAI-PMH.xsd"><responseDate>2026-04-17T05:45:59Z</responseDate><request verb="GetRecord" identifier="oai:www.recercat.cat:2117/107800" metadataPrefix="marc">https://recercat.cat/oai/request</request><GetRecord><record><header><identifier>oai:recercat.cat:2117/107800</identifier><datestamp>2025-07-23T06:52:48Z</datestamp><setSpec>com_2072_1033</setSpec><setSpec>col_2072_452951</setSpec></header><metadata><record xmlns="http://www.loc.gov/MARC21/slim" xmlns:dcterms="http://purl.org/dc/terms/" xmlns:xsi="http://www.w3.org/2001/XMLSchema-instance" xmlns:doc="http://www.lyncode.com/xoai" xsi:schemaLocation="http://www.loc.gov/MARC21/slim http://www.loc.gov/standards/marcxml/schema/MARC21slim.xsd">
   <leader>00925njm 22002777a 4500</leader>
   <datafield ind2=" " ind1=" " tag="042">
      <subfield code="a">dc</subfield>
   </datafield>
   <datafield ind2=" " ind1=" " tag="720">
      <subfield code="a">Álvarez García, Rubén</subfield>
      <subfield code="e">author</subfield>
   </datafield>
   <datafield ind2=" " ind1=" " tag="260">
      <subfield code="c">2017-07-21</subfield>
   </datafield>
   <datafield ind2=" " ind1=" " tag="520">
      <subfield code="a">El alcance del Proyecto Final de Grado es la síntesis gráfica y redactada de la propuesta de ejecución y&#xd;
de la metodología escogida para su realización.&#xd;
Los objetivos establecidos para éste Proyecto Final de Grado es la realización de un Proyecto Técnico&#xd;
que plasme la propuesta de rehabilitación del edificio en cumplimiento de la normativa vigente, el diseño&#xd;
de las nuevas instalaciones, el proceso de ejecución de las intervenciones y la realización de sus&#xd;
mediciones de forma generalizada.&#xd;
En cuanto al presupuestado general y el cálculo necesario para el dimensionado de los nuevos&#xd;
elementos constructivos, he considerado no incluirlo en mis objetivos, siendo realista y centrándome en&#xd;
realizar las tareas esenciales para mostrar un mayor rango de conceptos, de la forma más detallada&#xd;
posible.&#xd;
Se expone de manera clara el estado actual de la vivienda, y se realiza una propuesta de rehabilitación&#xd;
detallada, incluyendo además de la distribución e instalaciones, la ejecución constructiva acorde a las&#xd;
exigencias de la normativa vigente, siempre desde la premisa de alterar lo mínimo necesario la&#xd;
estructura actual.&#xd;
A tenor de la rehabilitación parcial, se exige el cumplimiento de ciertos apartados del Código Técnico,&#xd;
tales como la accesibilidad y practicidad del edificio y de las viviendas para personas con movilidad&#xd;
reducida, y el cumplimiento del Decreto de Eco-eficiencia.</subfield>
   </datafield>
   <datafield tag="653" ind2=" " ind1=" ">
      <subfield code="a">Dwellings--Remodeling</subfield>
   </datafield>
   <datafield tag="653" ind2=" " ind1=" ">
      <subfield code="a">Habitatges -- Remodelació -- Catalunya -- Santa Margarida de Montbuí</subfield>
   </datafield>
   <datafield ind2="0" ind1="0" tag="245">
      <subfield code="a">División horizontal de vivienda unifamiliar entre medianeras</subfield>
   </datafield>
</record></metadata></record></GetRecord></OAI-PMH>